000
00317nam a2200145Ia 4500
100
_a
Mehta N. V.
650
_a
General
942
_c
BK
654
_a
Income Tax
245
_a
Income Tax Ready Reckoner1991-92
260
_b
Shri Kuber Pub. House
_a
Bombay
_c
1991
300
_a
352
546
_a
ENGLISH
999
_c
21099
_d
21099